00497cam a22001337a 4500008004000000082001800040245004400058260005600102300001000158650003200168700005500200999001900255952008900274180718b1976 xxu||||| |||| 00| 0 eng d aA99 P272 N213 aVithalbhai Patel, patriot and president aDelhibNational Forum of Lawers and Legal Aidc1976 a464p. aPatel, Vithalbhai 1873-1933 aNational Forum of Lawyers and Legal Aid, New Delhi c350086d350086 00104070aIIPAbIIPAd1993-11-03oA99 P272 N213p52240r2018-07-21w2018-07-21yBK